| 000 | 00487nam a2200193Ia 4500 | ||
|---|---|---|---|
| 001 | 14594 | ||
| 003 | GE_BSU | ||
| 008 | 181216s||||||||xx |||||||||||||| ||und|| | ||
| 040 | _cGE_BSU | ||
| 245 | _aОртодонтия №4 (68) 2014 | ||
| 245 | _cГл. ред. Л.В.Польма | ||
| 260 | _aМосква | ||
| 260 | _c2014 | ||
| 300 | _a64стр.29см. | ||
| 653 | _aОртодонтия | ||
| 653 | _aПериодика | ||
| 653 | _aპერიოდიკა | ||
| 942 | _cCR | ||
| 999 |
_c47723 _d47723 |
||